| 000 | 00447nam a22001697a 4500 | ||
|---|---|---|---|
| 005 | 20160521111955.0 | ||
| 008 | 160521b xxu||||| |||| 00| 0 eng d | ||
| 020 | _a0-8493-0269-2 | ||
| 041 | _aeng | ||
| 082 | _b3725 | ||
| 100 |
_aPhilip C. Magnutson Gerald C. Alexander Vijai K. Tripathi _9939 |
||
| 245 | _aTransmission lines and wave propagation | ||
| 260 | _bCRC Press | ||
| 300 | _a506 | ||
| 650 |
_aDIPLOMA ENGINEERING _9817 |
||
| 942 | _cBK | ||
| 999 |
_c1281 _d1281 |
||